Skoki narciarskie - zwycięscy konkursów 2023/24 - Statystyki

Ogólne statystyki
  • Ten quiz został rozwiązany 294 razy
  • Średni wynik to 11 z 13
Statystyki odpowiedzi
Ilość zwycięstw Skoczek % Poprawnych
13 Stefan Kraft
100%
2 Ryoyu Kobayashi
94%
1 Domen Prevc
91%
1 Peter Prevc
91%
2 Andreas Wellinger
86%
2 Jan Hoerl
82%
2 Karl Geiger
82%
2 Johan Andre Forfang
80%
1 Anze Lanisek
79%
1 Timi Zajc
74%
1 Pius Paschke
69%
2 Daniel Huber
67%
2 Lovro Kos
61%
Nie znaleziono quizów pasujących do podanych kryteriów
Rozkład punktacji
Procent ludzi z każdym wynikiem
Percentyl według liczby udzielonych odpowiedzi
Twoja historia wyników
Nie rozwiązałeś tego quizu